Countries By World News Headlines #2 - Statistics

General Stats
  • This quiz has been taken 68 times
  • The average score is 11 of 16
Answer Stats
News Headline Countries % Correct
Sumo wrestling's greatest champion retires Japan
97%
Taliban school ban leaves girls in the dark Afghanistan
94%
Flying Doctors take vaccines to the Outback Australia
91%
...sterilises drug lord Escobar's hippos Colombia
91%
Far-right journalist poses new threat to Macron France
91%
Citizens of ... are bringing more guns to the airport United States
88%
Is ... squeezing Europe's gas supply? Russia
83%
Zuma discharged from hospital South Africa
81%
Deadly floods devastate Kerala state India
80%
Airport closed as La Palma volcano intensifies Spain
78%
Citizens of ... want Israel to accept them as Jews. Israel refuses. Nigeria
66%
Evergrande investors in the dark over $83m payment China
53%
Powerful ex-official from ... jailed for armed robbery Tanzania
34%
... Islamists linked to narcotics trade Mozambique
11%
Africa's last holdout, starts Covid vaccinations Burundi
9%
Pomp and colour at Africa's biggest film festival in... Burkina Faso
6%
No matching quizzes found
Score Distribution
Percent of People with Each Score
Percentile by Number Answered
Your Score History
You have not taken this quiz